Письма Петра Васильевича Лопухина, [председателя Государственного совета и Комитета министров], графу Н.П. Шереметеву и черновик...

Доступно только в Электронных читальных залах Найти на картеНа карте
RUSMARC
00003755nmc2a22002413x 450
001587c4392-4ac7-4818-90b2-0e8516ea618d
00520230905195216.0
100##$a20230220l17951807k l0rusy0189 ca
1010#$arus
102##$aRU
105##$ay###
1222#$ad
2001#$aПисьма Петра Васильевича Лопухина, [председателя Государственного совета и Комитета министров], графу Н.П. Шереметеву и черновики писем (четыре) графа Н.П. Шереметева
$j7 мая 1795 г. - 13 июня 1807 г.
215##$a15 л.
$d25х40 см
251##$cДело
300##$aГраф Николай Петрович Шереметев. Переписка. Письма разных лиц Н.П. Шереметеву
371##$aДокумент не является опубликованным и широко распространяемым
461#0$100198b93a77-94f0-46bb-a7e0-b5027cc72a67
$12001
$aШереметевы, графы
$1251
$cФонд
$1852
$j1088
462#0$1001d3ce280e-361b-49f4-86d2-e1a120f828b4
$12001
$aЛичные документы, переписка и документы, связанные со служебной и общественной деятельностью графов Бориса Петровича, Петра Борисовича, Николая Петровича и Дмитрия Шереметевых
$1251
$cОпись
$1852
$j1
801#0$aRU
$bРГИА
$c20230220
$gRCR
801#1$aRU
$bГлавНИВЦ
$c20230220
$2rusmarc
801#2$aRU
$bПБ им. Б.Н. Ельцина
$c20230905
$gRCR
$2rusmarc
850##$aРГИА
852##$aРГИА
$eФедеральное казенное учреждение "Российский государственный исторический архив" (РГИА)
$j206
937##$hРГИА
$d12391292
$aASBIBLIO_SCAN
035##$aRusGRCC00059629
856##$uhttp://readingroom.main.prlib.ru/item.aspx?id_node=n187372817&mode=full
Формат отображения